000 nam a22 7a 4500
999 _c8767
_d8767
008 180119b ||||| |||| 00| 0 eng d
100 _aDoshi M D
_95104
245 _aGeneral Knowledge -I
260 _aNew Delhi
_bCordova Publication
_c2008